000 00548cam a2200205ua 4500
001 1066
005 20260515113254.0
008 110427n ii |||gr||||Z||||||eng
020 _a978-81-8370-150-1
040 _cMAIN
082 _a343.0745
245 1 _aEffective strategies for rural developement.
_cBy E D Setty.
250 _a1st.
260 _aNew Delhi.:
_bAkangsha.,
_c2008.
300 _a410 p.:
_c20 cm.
653 _aPolitical science.
653 _aEffective strategies for rural developement.
700 1 _aSetty, E D.,
942 _cBK
999 _c982
_d982